000 00415nam a22001697a 4500
005 20230809111036.0
008 230809b |||||||| |||| 00| 0 eng d
020 _a8120330080
082 _a005.456
_bREF-U
100 _aReference
245 _aUpgrading Visual Basic 6.0 Applications
260 _aIndia
_bPHI
_c2005
300 _a694 pages
500 _aInclude Index.
650 _aVisual basic
999 _c33224
_d33224